| 000 | 01487nac a22003131u 4500 | ||
|---|---|---|---|
| 010 | _a 2003048990 | ||
| 020 | _a0521831350 (hardback) | ||
| 020 | _a0521538610 (pbk.) | ||
| 082 | 0 | 0 |
_a327.094 _bSMI |
| 090 |
_c8898 _d8898 |
||
| 100 | _aSmith, Michael E. | ||
| 245 | 1 | 0 |
_aEurope's foreign and security policy : _bthe institutionalization of cooperation / _cMichael E. Smith. |
| 260 |
_aCambridge ; _aNew York : _bCambridge University Press,2004 _c2004. |
||
| 300 |
_axv, 291 p. ; _c24 cm. |
||
| 440 | 0 | _aThemes in European governance | |
| 500 | _adistributer: Scientific home bookshop | ||
| 504 | _aIncludes bibliographical references (p. 264-283) and index. | ||
| 511 | _acatalogued by: wessam | ||
| 650 | 0 | _aSecurity, International. | |
| 651 | 0 |
_aEurope _xForeign relations _y1989- |
|
| 651 | 0 |
_aEuropean Union countries _xForeign relations. |
|
| 651 | 0 |
_aEuropean Union countries _xPolitics and government. |
|
| 856 | 4 | 1 |
_3Sample text _uhttp://www.loc.gov/catdir/samples/cam041/2003048990.html |
| 856 | 4 | 1 |
_3Publisher description _uhttp://www.loc.gov/catdir/description/cam032/2003048990.html |
| 856 | 4 | 1 |
_3Table of contents _uhttp://www.loc.gov/catdir/toc/cam031/2003048990.html |
| 856 | 4 | 1 |
_3Contributor biographical information _uhttp://www.loc.gov/catdir/enhancements/fy0732/2003048990-b.html |
| 942 |
_cBB _k327.094SMI |
||
| 999 |
_c8898 _d8898 |
||